| Registos Bibliográficos associados ao registo de autoridade |
|
Etiqueta de registo: 00254nbm 2200025 450 001 2055938 003 http://id.bnportugal.gov.pt/bib/catbnp/2055938 100 ## $a20201930j1619 k y0pory01030103ba 101 0# $alat$apor 102 ## $aPT 105 ## $ay z 000yy 106 ## $ah 200 1# $aFlores Exemplorum, è grauium auctorum historicis areolis$fDecerpti, Per Em[manuel] Paez ...$bManuscrito] 210 #1 $d1619 215 ## $a[I] f., CLXXXVI, 534 p., [59] f. br., enc.$d16 cm 300 ## $aCópia 304 ## $aTexto em português e latim 304 ## $aRegisto de sumários e conteúdos de obras de doutrina cristã: "Este cartapacio de exemplos
deixou o P[adr]e M[anu]el Paez com l[icen]ça dos superiores que se aplicasse a quem
tinha por officio fazer as doutrinas, em quanto as fizer, e se guardase na area dos
premios" 304 ## $aManuel Pais foi professor de Teologia Moral na Universidade de Évora 307 ## $aPartes do texto riscadas; acrescentos e anotações marginais 307 ## $aFolhas em branco no final do códice (p. 417-534) 307 ## $aManchado pela humidade e tinta ferrogálica; marcas da acção dos insectos e aparado
com prejuízo da leitura 307 ## $aEncadernação original em pergaminho liso com vestígios dos atilhos; corte carmim 316 ## $aCota antiga: J-1-43 321 1# $aReferido em: Santos, Mariana Amélia Machado - Os professores de humanidades, filosofia
e teologia, que ensinaram em Évora, e o paradeiro das suas postilas manuscritas em
Portugal. Coimbra : [s.n.], 1967. (Separata das Actas do Congresso Internacional Comemorativo
do IV Centenário da Universidade de Évora). P. 50 327 11 $a"Exemplorum, quae in hoc uolumine continentur, index catechisticus, iuxta ordinem
Doctrinae Christianae à P. Marco Georgio Lusitane compositus, et a P. Ignatio Martinez
auctore" (p. I-CXXXVII)$a"Index Alphabeticus exemplorum, quae in hoc volumine continentur" (p. CXXXVIII-CLXXXVI)$a"Abstinentia. Gula. Ieiunii fractio punita ... Adulterium ... Luxuria ... Aposta[s]iea
... Avaritia ... blasphemore solitus ..." (p. 1-354)$a"Exempla non nulla Ex P. Ioannis Rebelli Additionibus Ad Doctrinam Christianam" (p.
355-416) 700 #1 $aPais,$bManuel,$ffl. 1619-1644,$cS.J.$31791479 702 #1 $aJorge,$bMarcos,$f1525-1571,$cS.J.$4100$396252 801 #0 $aPT$bBN$gRPC 966 ## $lBN$mRESMAN$sCOD. 2403 997 ## $aBIBEOD
Etiqueta de registo: 00254nbm 2200025 450 001 2122950 003 http://id.bnportugal.gov.pt/bib/catbnp/2122950 100 ## $a20230208f16451650k y0pory01030103ba 101 0# $apor 102 ## $aPT 105 ## $ay z 000yy 106 ## $ah 200 1# $aRespostas morais, que o Padre Manoel Paez, Lente duas vezes de Vespera, e depois de
Prima de Theologia moral na Vniuersidade de Euora, deu a varios casos, que lhe perguntaraõ$vTomo Primeiro.$bManuscrito] 210 #1 $d[Depois de 1645] 215 ## $a[VIII], 317 f., [3] f. br., enc.$d32 cm 300 ## $aCópia 304 ## $aResolução de casos à luz das doutrinas do Concílio de Trento 304 ## $aManuel Pais foi professor de Teologia Moral na Universidade de Évora 307 ## $aPartes do texto riscadas, sublinhadas e destacadas; correcções, acrescentos e anotações
marginais 307 ## $aMuito mau estado: suporte danificado com grande prejuízo da leitura: manchado e perfurado
pela tinta ferrogálica, manchas de humidade, marcas da acção dos insectos, aparado 307 ## $aEncadernação, reaproveitada, em pergaminho liso com vestígios dos atilhos; corte carmim 316 ## $aCota antiga: L-1-19 316 ## $aCota antiga: K-6-29 317 ## $aMarca de posse manuscrita: "Este 1º tomo de Respostas Moraes esta applicado ao Cartorio
com L[icen]ca dos sup[erio]res" (f. de título) 327 11 $a"Indice Das respostas morais, que se contem neste primeiro tomo." (f. [I-VI]) 700 #1 $aPais,$bManuel,$ffl. 1619-1644,$cS.J.$31791479 801 #0 $aPT$bBN$gRPC 966 ## $lBN$mRESMAN$sCOD. 3028 971 ## $cipires$d20230208 972 ## $e0$z0$d20230328$vanacris 995 ## $aPRRMSS23 $d20230307$idfontes$zBND
Etiqueta de registo: 00254nbm 2200025 450 001 2137158 003 http://id.bnportugal.gov.pt/bib/catbnp/2137158 100 ## $a20230707d1643 k y0pory01030103ba 101 0# $alat$apor 102 ## $aPT 105 ## $ay z 000yy 106 ## $ah 200 1# $aAddenda in nova editione Compendii nostrorum privilegiorum et interim Provinciis communicanda
que auditis patribus Assistentibus à R. P. N. Generali approbata fuerunt$bManuscrito] 210 #1 $d1643 215 ## $a[I, 174] f.$d20 cm 300 ## $aCópia 304 ## $aTexto em latim 304 ## $aNota manuscrita na f. [I v.]: "Estecartapacio veyo de Roma cheyo de erros, por se
não conferir Lá com o seu original, os quais por ordem do Padre Provincial Antonio
Mascarenhas emendou o Padre Manoel Paez, quanto foy possivel [...]" 307 ## $aNotas marginais 307 ## $aEncadernação em pergaminho, sem atilhos 316 ## $aCota antiga: P-2-3 316 ## $aCota antiga: P-3-14 701 #1 $aPais,$bManuel,$ffl. 1619-1644,$cS.J.$4070$31791479 801 #0 $aPT$bBN$gRPC 966 ## $lBN$mRESMAN$sCOD. 4281 971 ## $cplambin$d20230707
Etiqueta de registo: 00254nbm 2200025 450 001 2137364 003 http://id.bnportugal.gov.pt/bib/catbnp/2137364 100 ## $a20230711d1644 k y0pory01030103ba 101 0# $alat 102 ## $aPT 105 ## $ay z 000yy 106 ## $ah 200 1# $aCollectio brevis eorum quae R. P. Mutius Vitelleschus Propositus Generalis Societatis
Jesu addi iubet in nova editione Compendii communis privilegiorum et gratiariumeiusdem
Societatis et auditis Patribus Assistentibus$fPer P. Emmanuelem Paez$bManuscrito] 210 #1 $aEborae,$d1644 215 ## $a159 p.$d22 cm 300 ## $aCópia 307 ## $aNotas marginais 307 ## $aEncadernação em pergaminho, com vestígios de atilhos 316 ## $aCota antiga: P-2-14 316 ## $aCota antiga: P-3-43 317 ## $aMarca de posse manuscrita na folha de título: "Evora Applicado ao cubiculo do P[adr]e
Cancellario" 701 #1 $aPais,$bManuel,$ffl. 1619-1644,$cS.J.$4070$31791479 712 02 $aCompanhia de Jesus$c(Évora)$4390$3159335 801 #0 $aPT$bBN$gRPC 966 ## $lBN$mRESMAN$sCOD. 4292 971 ## $cplambin$d20230711
Etiqueta de registo: 00254nbm 2200025 450 001 2283525 003 http://id.bnportugal.gov.pt/bib/catbnp/2283525 100 ## $a20260402d1644 k y0pory01030103ba 101 0# $alat 102 ## $aPT 105 ## $ay z 000yy 106 ## $ah 200 1# $aCollectio breuis e orum, quae R.P. Matius Vitelleschus prapositus generalis Societatis
Jesu addi inbet in noua editione compendij communis priuilegiorum, et gratiarum einsdem
Societatis: et, auditis Patribus Assistentibus, approbauit 8. die Jannuarij anno
1643. et interim Prouincijs communicari vult.$fPer P. Emmanuelem Paez einsdem Socitatis, Lusitanum, Borbensem, in Eborensi Academia
moralis Theologiae Primarium Professorem facta: cum aliquot Anno tationibus utilissimis
einsdem Patris, post e andem collectionem appositis, ad quas in marginibus e insdem
collectionnis per literas maiores Alphabeti fit remissio$bManuscrito] 210 #1 $aEborae,$d Anno Domini 1644 215 ## $a[III] f., 129 p., enc.$d21 cm 300 ## $aCópia coeva 304 ## $aTexto em latim 306 ## $aExiste outra cópia com o mesmo título, provavelmente com letra da mesma mão, na Colecção
de Manuscritos da BNP (COD. 7043) 307 ## $aAnotações marginais 307 ## $aPartes do texto rasuradas e sublinhadas 307 ## $aManchas de humidade 307 ## $aEncadernação em pergaminho 316 ## $aCota antiga: V-1-54 317 ## $a"Do cubiculo do P. Reytor deste Collegio d Euora" (anotação manuscrita no canto direito
da fola de título) 321 1# $aSobre o autor cfr. : Santos, Mariana Amélia Machado - Os professores de humanidades,
filosofia e teologia, que ensinaram em Évora, e o paradeiro das suas postilas manuscritas
em Portugal. Coimbra : [s.n.], 1967. (Separata das Actas do Congresso Internacional
Comemorativo do IV Centenário da Universidade de Évora). P. 50 327 11 $a"Index eorum, quae in his Additionibus, e earum Collectione continentur, omnins uidemdus"
(f.[ I-III]) 700 #1 $aPais,$bManuel,$ffl. 1619-1644,$cS.J.$31791479 801 #0 $aPT$bBN$gRPC 966 ## $lBN$mRESMAN$sCOD. 7044 971 ## $cmrosario$d20260402
Etiqueta de registo: 00254nbm 2200025 450 001 2283505 003 http://id.bnportugal.gov.pt/bib/catbnp/2283505 100 ## $a20260401d1644 k y0pory01030103ba 101 0# $alat 102 ## $aPT 105 ## $ay z 000yy 106 ## $ah 200 1# $aCollectio breuis eorum, qua R. P. Matius Vitelleschus Praepositus generalis Societatis
Jesu addi iubet in noua editione compendij communis priuilegiorum, et gratiarum eiusdem
Societatis: et, auditis Patribus Assistentibus, approbauit 8. die Jannuarij anno
1643. et interim Prouincijs communicari vult.$fPer P. Emmanuelem Paez e insdem Socitatis Lusitanum , Borbensem in Eborensi Academia
moralis Theologiae Primarium Professorem facta cum aliquot anno tationibus utilissimis
ualdé utilibus einsdem Patris, post e andem collectione e appositis, ad quas in marginibus
e insdemcollectionnis per literas maiores Alphabeti fit remissio$bManuscrito] 210 #1 $aEborae$danno Domini 1644 215 ## $a[I] f., 152 p., enc.$d21 cm 300 ## $aCópia coeva 304 ## $aTexto em latim 306 ## $aExiste outra cópia com o mesmo título, provavelmente com letra da mesma mão, na Colecção
de Manuscritos da BNP (COD. 7044) 307 ## $aAnotações marginais 307 ## $aPartes do texto rasuradas e sublinhadas 307 ## $aManchas de humidade 307 ## $aEncadernação original em pergaminho 316 ## $aCota antiga: V-1-54 317 ## $a"Do cubiculo do P. Reytor do Collegio deluas" (anotação manuscrita no canto direito
da fola de título) 321 1# $aSobre o autor cfr.: Santos, Mariana Amélia Machado - Os professores de humanidades,
filosofia e teologia, que ensinaram em Évora, e o paradeiro das suas postilas manuscritas
em Portugal. Coimbra : [s.n.], 1967. (Separata das Actas do Congresso Internacional
Comemorativo do IV Centenário da Universidade de Évora). P. 50 327 11 $a"Index eorum quae in his Additionibus, et earum collectione continentur, omnins uidendus.
" (p. 1-3) 700 #1 $aPais,$bManuel,$ffl. 1619-1644,$cS.J.$31791479 801 #0 $aPT$bBN$gRPC 966 ## $lBN$mRESMAN$sCOD. 7043 971 ## $cmrosario$d20260402
|
|
|